000 00367pab a2200145 454500
008 180718b2006 xxu||||| |||| 00| 0 eng d
100 _aSarkar, Amal
245 _aEnergy consumption pattern in the SAARC region
260 _c2006
300 _ap.315-32.
362 _aJan
650 _aEnergy consumption
773 _aIndian Journal of Economics
909 _a71630
999 _c71630
_d71630